[Event "Ostsjaellands op"]
[Site "Faxe"]
[Date "2006.04.26"]
[Round "6"]
[White "Pedersen, Bjarne GW"]
[Black "Nesheim, Erik"]
[Result "0-1"]
[WhiteElo "1072"]
[BlackElo "1223"]
[PlyCount "152"]
[EventDate "2006.03.15"]
[EventType "swiss"]
[EventRounds "7"]
[EventCountry "DEN"]
[SourceTitle "EXT 2023"]
[Source "ChessBase"]
[SourceDate "2022.10.05"]
[SourceVersion "1"]
[SourceVersionDate "2022.10.05"]
[SourceQuality "1"]

1. d4 b6 2. e4 Bb7 3. Bd3 e6 4. Nc3 a6 5. Nf3 h6 6. 0-0 Ne7 7. Re1 d6 8. b3 g6 9. Ne2 Bg7 10. Rb1 g5 11. c4 Ng6 12. Ng3 g4 13. Nh5 Bf8 14. Nd2 Qh4 15. Ng3 Nf4 16. Ndf1 Nxd3 17. Qxd3 Nd7 18. Bb2 Rg8 19. d5 e5 20. Nf5 Qf6 21. Qg3 Qg6 22. Qh4 f6 23. N1g3 0-0-0 24. Bc1 Rh8 25. Qh5 Qxh5 26. Nxh5 Kb8 27. Re3 Nc5 28. Nxf6 Bc8 29. Nxg4 Bxf5 30. exf5 h5 31. Rh3 Ne4 32. Bb2 Ng5 33. Rh4 Nf7 34. Nf6 Be7 35. Rxh5 Bxf6 36. Rxh8 Rxh8 37. f4 Nh6 38. fxe5 dxe5 39. Re1 Re8 40. Bc1 Rh8 41. Re3 Bg5 42. Re1 Bxc1 43. Rxc1 Nxf5 44. a4 Nd4 45. Re1 Re8 46. b4 Nc2 47. Rb1 e4 48. Kf2 e3+ 49. Ke2 Nd4+ 50. Ke1 e2 51. Kd2 Nb3+ 52. Ke1 Nd4 53. a5 Rf8 54. Kd2 Rf1 55. Re1 Rf8 56. Kd3 Rf1 57. Kd2 Kc8 58. h4 Rf6 59. h5 Rh6 60. Kd3 Nb3 61. Kxe2 bxa5 62. bxa5 Rxh5 63. Rb1 Nxa5 64. Kd3 Nb7 65. g4 Rg5 66. Rg1 Kd7 67. Kd4 Kd6 68. Ke4 Nc5+ 69. Kf4 Rg8 70. Kf5 a5 71. g5 a4 72. Kf6 Ne4+ 73. Kf5 Rxg5+ 74. Kxe4 Rxg1 75. Kd4 Rc1 76. Kd3 a3 0-1

[Event "Taastrup Quick Weekend 3rd D"]
[Site "Taastrup"]
[Date "2006.04.02"]
[Round "2"]
[White "Nicolajsen, Mikkel"]
[Black "Pedersen, Bjarne GW"]
[Result "0-1"]
[WhiteElo "1100"]
[BlackElo "1072"]
[PlyCount "68"]
[EventDate "2006.04.02"]
[EventType "tourn"]
[EventRounds "5"]
[EventCountry "DEN"]
[SourceTitle "EXT 2023"]
[Source "ChessBase"]
[SourceDate "2022.10.05"]
[SourceVersion "1"]
[SourceVersionDate "2022.10.05"]
[SourceQuality "1"]

1. e4 Nc6 2. Nf3 d6 3. Bc4 e5 4. d4 h6 5. dxe5 dxe5 6. Qxd8+ Nxd8 7. Nxe5 Nf6 8. Nd2 Bc5 9. 0-0 0-0 10. Re1 Re8 11. Nef3 Be6 12. Bxe6 Rxe6 13. h3 Nc6 14. c3 Rae8 15. b4 Bb6 16. b5 Nb8 17. e5 Nd5 18. Bb2 Nf4 19. Rab1 Nd3 20. Re2 Nxe5 21. Nxe5 Rxe5 22. Rxe5 Rxe5 23. Nc4 Rxb5 24. a4 Rf5 25. Nxb6 axb6 26. Rd1 Nc6 27. Rd7 Ne5 28. Rxc7 Nd3 29. Ba3 Rxf2 30. Rd7 Ra2 31. Be7 Nf4 32. Rxb7 Rxg2+ 33. Kf1 Rb2 34. Rxb6 Rxb6 0-1

[Event "Ostsjaellands op"]
[Site "Faxe"]
[Date "2006.03.27"]
[Round "3"]
[White "Christensen, Torben"]
[Black "Pedersen, Bjarne GW"]
[Result "1-0"]
[WhiteElo "1333"]
[BlackElo "1072"]
[PlyCount "53"]
[EventDate "2006.03.15"]
[EventType "swiss"]
[EventRounds "7"]
[EventCountry "DEN"]
[SourceTitle "EXT 2023"]
[Source "ChessBase"]
[SourceDate "2022.10.05"]
[SourceVersion "1"]
[SourceVersionDate "2022.10.05"]
[SourceQuality "1"]

1. d4 Nf6 2. c4 c5 3. d5 d6 4. Nf3 e6 5. Nc3 Be7 6. e3 0-0 7. Bd3 Re8 8. 0-0 e5 9. h3 g6 10. Nh2 Bf8 11. e4 Bd7 12. Bg5 Bg7 13. Qc2 Na6 14. a3 Nc7 15. f4 Qc8 16. f5 gxf5 17. exf5 a6 18. Rae1 b5 19. Qf2 bxc4 20. Bxf6 Bxf6 21. Qg3+ Kh8 22. Be4 Rg8 23. Qf3 Bh4 24. Re2 Rg3 25. Qh5 Qd8 26. f6 Bxf6 27. Qxh7# 1-0

[Event "Ostsjaellands op"]
[Site "Faxe"]
[Date "2006.03.22"]
[Round "2"]
[White "Nielsen, Poul Erik2222"]
[Black "Pedersen, Bjarne GW"]
[Result "1-0"]
[WhiteElo "1241"]
[BlackElo "1072"]
[PlyCount "39"]
[EventDate "2006.03.15"]
[EventType "swiss"]
[EventRounds "7"]
[EventCountry "DEN"]
[SourceTitle "EXT 2023"]
[Source "ChessBase"]
[SourceDate "2022.10.05"]
[SourceVersion "1"]
[SourceVersionDate "2022.10.05"]
[SourceQuality "1"]

1. Nf3 Nc6 2. d4 d5 3. c4 e6 4. a3 Nf6 5. cxd5 exd5 6. Bg5 Be7 7. e3 0-0 8. Bd3 Re8 9. 0-0 Ne4 10. Bxe7 Nxe7 11. Nc3 Nf5 12. Qc2 Ng5 13. Ne5 Qf6 14. Nxd5 Qd6 15. Nxc7 Nxd4 16. exd4 Qxd4 17. Nxe8 Qxe5 18. Rae1 Qd5 19. Nc7 Qc6 20. Re8+ 1-0

[Event "Lovfalds 14th F"]
[Site "Ringsted"]
[Date "2000.09.17"]
[Round "5"]
[White "Pedersen, Bjarne GW"]
[Black "Nielsen, Poul"]
[Result "1-0"]
[WhiteElo "1168"]
[BlackElo "1114"]
[PlyCount "89"]
[EventDate "2000.09.15"]
[EventType "tourn"]
[EventRounds "5"]
[EventCountry "DEN"]
[SourceTitle "EXT 2023"]
[Source "ChessBase"]
[SourceDate "2022.10.05"]
[SourceVersion "1"]
[SourceVersionDate "2022.10.05"]
[SourceQuality "1"]

1. d4 d5 2. Nf3 Nc6 3. c4 Bf5 4. Nc3 Nb4 5. Qa4+ Nc6 6. cxd5 Bd7 7. dxc6 Bxc6 8. Qd1 e6 9. Ne5 Ne7 10. Nxc6 Nxc6 11. e3 a6 12. Qf3 Ra7 13. a3 Be7 14. Bc4 Na5 15. Bxe6 fxe6 16. Qh5+ g6 17. Qxa5 Rf8 18. Qa4+ c6 19. Qc2 b5 20. 0-0 Rd7 21. Ne2 Bd6 22. Nf4 Rf6 23. g3 Rc7 24. e4 e5 25. dxe5 Bxe5 26. Be3 Qc8 27. Rad1 Qg4 28. f3 Qc8 29. Rd3 Kf7 30. Rfd1 g5 31. Nh3 Qxh3 32. Bxg5 Rg6 33. Qb3+ Qe6 34. Rd7+ Kg8 35. Rd8+ Kg7 36. Qxe6 Rxe6 37. R1d7+ Rxd7 38. Rxd7+ Kg6 39. f4 Rd6 40. Rxd6+ Bxd6 41. h4 Kh5 42. Kg2 Kg4 43. e5 Bf8 44. e6 h6 45. e7 1-0

[Event "Lovfalds 14th F"]
[Site "Ringsted"]
[Date "2000.09.16"]
[Round "2"]
[White "Janbazi, Farzad"]
[Black "Pedersen, Bjarne GW"]
[Result "0-1"]
[WhiteElo "1075"]
[BlackElo "1168"]
[PlyCount "98"]
[EventDate "2000.09.15"]
[EventType "tourn"]
[EventRounds "5"]
[EventCountry "DEN"]
[SourceTitle "EXT 2023"]
[Source "ChessBase"]
[SourceDate "2022.10.05"]
[SourceVersion "1"]
[SourceVersionDate "2022.10.05"]
[SourceQuality "1"]

1. d4 Nf6 2. c4 c5 3. Nf3 e6 4. e3 Nc6 5. Be2 cxd4 6. exd4 d5 7. cxd5 Nxd5 8. 0-0 Bd6 9. Nc3 Nce7 10. Bd3 0-0 11. Ng5 Ng6 12. Bxg6 fxg6 13. Ne2 Rf5 14. Ng3 Rxg5 15. Bxg5 Qxg5 16. Ne2 b6 17. Qd3 a5 18. Rac1 Ba6 19. Qf3 Rf8 20. Qe4 Qf5 21. Qc2 Qh5 22. Ng3 Bxg3 23. hxg3 Bxf1 24. Rxf1 Qf5 25. Qe2 Nc7 26. f4 Qd5 27. Qe5 Qc6 28. Qe3 Nd5 29. Qe4 Nb4 30. Re1 Qxe4 31. Rxe4 Kf7 32. a3 Nc6 33. g4 Rd8 34. f5 gxf5 35. gxf5 exf5 36. Rf4 Nxd4 37. Kh2 Rd5 38. g4 g6 39. g5 Ne6 40. Rc4 Rd2+ 41. Kg3 Rxb2 42. Kh4 Rh2+ 43. Kg3 Rh5 44. Rh4 Rxg5+ 45. Kh3 f4 46. Rxh7+ Kf6 47. Rh4 f3 48. Rg4 Rxg4 49. Kxg4 f2 0-1

[Event "Lovfalds 14th F"]
[Site "Ringsted"]
[Date "2000.09.16"]
[Round "3"]
[White "Pedersen, Bjarne GW"]
[Black "Abdi, Farhad"]
[Result "1/2-1/2"]
[WhiteElo "1168"]
[BlackElo "1122"]
[PlyCount "88"]
[EventDate "2000.09.15"]
[EventType "tourn"]
[EventRounds "5"]
[EventCountry "DEN"]
[SourceTitle "EXT 2023"]
[Source "ChessBase"]
[SourceDate "2022.10.05"]
[SourceVersion "1"]
[SourceVersionDate "2022.10.05"]
[SourceQuality "1"]

1. d4 Nf6 2. Nf3 b6 3. c4 Bb7 4. Nc3 g6 5. Bf4 Bg7 6. d5 d6 7. Qc2 0-0 8. e4 Na6 9. a3 Nc5 10. Rd1 e5 11. dxe6 Nxe6 12. Be5 Qe7 13. Bxf6 Bxf6 14. Nd5 Bxd5 15. cxd5 Nc5 16. Bd3 Nxd3+ 17. Qxd3 Bxb2 18. 0-0 Be5 19. Nxe5 Qxe5 20. f4 Qe7 21. Rde1 Rae8 22. Re3 f5 23. Rfe1 Qd7 24. Qe2 c6 25. dxc6 Qxc6 26. exf5 Qc5 27. fxg6 Qxe3+ 28. Qxe3 Rxe3 29. gxh7+ Kxh7 30. Rxe3 Rf7 31. g3 Rd7 32. f5 Kg7 33. h4 d5 34. g4 d4 35. Rd3 Rd6 36. g5 a5 37. Kf2 b5 38. h5 b4 39. f6+ Kf7 40. axb4 axb4 41. Ke2 Rd5 42. Kd2 Rxg5 43. Rxd4 Rxh5 44. Rxb4 Kxf6 1/2-1/2

[Event "Lovfalds 12th F"]
[Site "Ringsted"]
[Date "1998.09.19"]
[Round "2"]
[White "Christensen, Michael"]
[Black "Pedersen, Bjarne GW"]
[Result "1-0"]
[WhiteElo "1178"]
[BlackElo "1080"]
[PlyCount "31"]
[EventDate "1998.09.18"]
[EventType "swiss"]
[EventRounds "5"]
[EventCountry "DEN"]
[SourceTitle "EXT 2023"]
[Source "ChessBase"]
[SourceDate "2022.10.05"]
[SourceVersion "1"]
[SourceVersionDate "2022.10.05"]
[SourceQuality "1"]

1. e4 c5 2. Nf3 Nc6 3. Bc4 e6 4. 0-0 g6 5. c3 Nf6 6. e5 Nd5 7. Bxd5 exd5 8. d4 cxd4 9. cxd4 Bg7 10. Nc3 d6 11. Bg5 Qc7 12. Nxd5 Qa5 13. Nf6+ Bxf6 14. Bxf6 0-0 15. Qc1 dxe5 16. Qh6 1-0